000 00268nam a2200133Ia 4500
100 _aGross Charles A
250 _a2
942 _cBK
654 _apower
245 _aPower system Analysis
260 _bWiley
_aNew York
_c1986
300 _a593
546 _aENGLISH
999 _c21766
_d21766